Georgiana, Duchess of Devonshire /

Bibliographic Details
Main Author: Foreman, Amanda, 1968-
Format: Book
Language:English
Published: New York : Random House, [1998]
Edition:1st U.S. ed.
Subjects:

MARC

Tag First Indicator Second Indicator Subfields
LEADER 00000cam a2200000Ia 4500
001 in00001551909
005 20151022061547.0
008 000225s1998 nyuaf e b 001 0beng d
020 |z 0375502947 
035 |a (OCoLC)ocm43523386 
040 |a CMI  |c CMI  |d ABC  |d TXA  |d UtOrBLW 
043 |a e-uk--- 
049 |a TXAM 
090 |a DA522.D5  |b F68 1998 
092 |a 941.07092  |b D498 
100 1 |a Foreman, Amanda,  |d 1968- 
245 1 0 |a Georgiana, Duchess of Devonshire /  |c Amanda Foreman. 
250 |a 1st U.S. ed. 
264 1 |a New York :  |b Random House,  |c [1998] 
264 4 |c ©1998 
300 |a xx, 454 pages, 24 unnumbered pages of plates :  |b illustrations (some color), genealogical tables ;  |c 25 cm. 
336 |a text  |b txt  |2 rdacontent 
337 |a unmediated  |b n  |2 rdamedia 
338 |a volume  |b nc  |2 rdacarrier 
500 |a Genealogical chart on lining papers. 
504 |a Includes bibliographical references (pages [423]-432) and index. 
600 1 0 |a Cavendish, Georgiana Spencer,  |c Duchess of Devonshire,  |d 1757-1806. 
650 0 |a Women politicians  |z Great Britain  |v Biography. 
650 0 |a Nobility  |z Great Britain  |v Biography. 
651 0 |a Great Britain  |x Social life and customs  |y 18th century. 
651 0 |a Great Britain  |x Politics and government  |y 1789-1820. 
994 |a E0  |b TXA 
948 |a cataloged  |b h  |c 2000/7/10  |d c  |e jmspeck  |f 3:55:45 pm 
999 |a MARS 
999 f f |s b64b2809-9728-3013-a12e-9811efd0dbaf  |i ebcce6e0-ec0b-3acb-8392-2671d12f04c3  |t 0 
952 f f |p normal  |a Texas A&M University  |b College Station  |c Sterling C. Evans Library  |d Evans: Library Stacks  |t 0  |e DA522.D5 F68 1998  |h Library of Congress classification  |i unmediated -- volume  |m A14826024980 
998 f f |a DA522.D5 F68 1998  |t 0  |l Evans: Library Stacks